000 00862nam a2200205Ia 4500
003 GCL
008 140319s9999 xx 000 0 ara d
040 _aGCL /
_cGCL
082 0 4 _a260
_bغ م
100 1 _aالغزالى : حجة الاسلام ابو حامد محمد بن محمد بن محمد بن احمد الطوسى
245 1 0 _aمكاشفة القلوب :
_bالمقرب الى حضرة علام الغيوب فى علم التصوف /
_cالغزالى : حجة الاسلام ابو حامد محمد بن محمد بن محمد بن احمد الطوسى
250 _aالاولى
260 _aالقاهرة :
_bدار البيان العربى ،
_c1990
300 _a303 ص ؛
_c24 سم
490 _a
650 0 4 _aالتصوف الاسلامى
650 0 4 _aالتصوف
650 0 4 _aالفقه الاسلامى
942 _2ddc
_cBK
999 _c33906
_d33906